00495nam a2200145Ia 4500008004100000041000800041082001700049100001900066245004500085260003400130300003200164365000800196999001500204952013000219240624s9999 xx 000 0 und d aeng a658.3124 RAI aRAINBIRD HELEN aTRAINING IN THE WORKPLACE MANAGEMENT WOR c2007aLondonbMacmillan Press axiii, : 293 : p. : cm. ; 23 cBPS c6261d6261 00104070aIMTNbIMTNcRack 26-Ad2007-09-12eIBHg9.99n1015o658.3124 RAIp6261r2024-06-24 00:00:00t85.9w2024-06-24yBK